000 00712nam a2200229Ia 4500
001 3228
003 GE_BSU
008 181216s||||||||xx |||||||||||||| ||und||
040 _cGE_BSU
080 _a514.12(075.8)
100 _aПривалов,И.И.
245 _aАналитическая геометрия.
245 _bУчебник.
245 _cРед. Н.А.Угарова.
250 _aИзд 27-ое, перераб.и сокращенное.
260 _aМосква
260 _bГос.Изд-во физико-математической лит-ры.
260 _c1962.
300 _a272 стр. 22 см.
653 _aАналитическая геометрия.
942 _cBK
999 _c37269
_d37269